| 000 | 00595cam a2200241 4500 | ||
|---|---|---|---|
| 008 | 090401t1999 xxu||||| |||| 00| 0 eng d | ||
| 020 | _a1857283341 | ||
| 035 | _a(Sirsi) u83268 | ||
| 041 | _aeng | ||
| 050 | _a306.13 | ||
| 100 | _aHamnett, Chris | ||
| 245 | _aWinners and losers: home ownership in modern Britain. | ||
| 260 |
_aLondon _bUCL Press _c1999 |
||
| 300 | _axiv,224p. ; 24cm. | ||
| 350 | _a12.95 | ||
| 650 | _aEQUITY | ||
| 650 | _aHOME OWNERSHIP | ||
| 650 | _aHOUSING INVESTMENT | ||
| 650 | _aHOUSING MARKET | ||
| 690 | _aHOUSING | ||
| 942 | _n0 | ||
| 948 | _c22/01/1998 | ||
| 999 |
_c96876 _d96876 |
||